Notas adicionales, taxonómicas y corológicas, sobre Baccharis (Registro nro. 14075)

Detalles MARC
000 -CABECERA
Campo de control 003740000a22001090004500
090 ## - CLASIFICACIÓN LOCAL
Colección AS
Consecutivo Seriadas
041 0# - IDIOMA
Código de idioma para texto/pista de sonido o título separado
100 1# - ASIENTO PRINCIPAL--NOMBRE PERSONAL
Nombre personal Cuatrecasas, José
245 10 - MENCION DE TITULO
Título Notas adicionales, taxonómicas y corológicas, sobre Baccharis
773 1# - Item fuente:
Título Revista de la Academia Colombiana de Ciencias Exactas, Fisicas y Naturales
Especificación de materiales 32
Descripción física 51
Paginas del Articulo 201-226
Lugar, editorial y fecha de publicación 1969
Información sobre la relación 13
942 ## - ELEMENTOS ADICIONALES (KOHA)
Tipo de ítem Artículo

No hay ítems disponibles.